Normal view
MARC view
- Mechanical & aerospace engineering
Entry Topical Term
001 - CONTROL NUMBER
- control field: 2645
003 - CONTROL NUMBER IDENTIFIER
- control field: NUST
005 - DATE AND TIME OF LATEST TRANSACTION
- control field: 20170614111305.0
008 - FIXED-LENGTH DATA ELEMENTS
- fixed length control field: 170614|| aca||aabn | a|a d
040 ## - CATALOGING SOURCE
- Original cataloging agency: NUST
- Transcribing agency: NUST
150 ## - HEADING--TOPICAL TERM
- Topical term or geographic name entry element: Mechanical & aerospace engineering
670 ## - SOURCE DATA FOUND
- Source citation: Work cat.: (NUST)23267: HIH Saravanamuttoo, GFC Rogers, H Cohen 2644, Gas Turbine Theory , c.2001
